000 01827nam a2200313 i 4500
001 44981
003 ES-MaACL
005 20260617125144.0
007 t|
008 030324s1959 sp ||||1| spa d
245 0 3 _aEl mal está entre nosotros /
_cpor Paul Claudel... Jacques Maritain, Henri Gouhier, R.P. Bouyer, R.P. Florovsky, Pastor Bosc, M. de Gandillac, J. de Fabregues, Pierre Dournes, Gabriel Marcel ; [versión, Francisco Sabaté].
260 _aValencia :
_bFomento de Cultura,
_c[1959] (
_fP. Quiles)
300 _a357 p. ;
_c19 cm.
505 8 _aContiene: Situación contemporánea del mal / por Henri Gouthier. Las técnicas de envilecimiento en el mundo y el pensamiento actual / por Gabriel Marcel. El problema del mal en la literatura contemporánea / por Jean de Pahigues. La miseria "mal universal humano" / por Pierre Dournes. El mal y la salvación en el marxismo y el existencialismo / por Maurice de Gandillac. La fe católica y el misterio del mal / por P. F. Bouyer. La fe reformada y el problema del mal / por Jean Bosc. Tenebras noctum "posición de un cristiano en la Iglesia ortodoxa rusa" por Georges Florousky. El mal y la libertad / por Paul Claudel. Santo Tomás de Aquino y el problema del mal / por Jacques Maritain
650 0 4 _aMal.
_914740
700 _aClaudel, Paul,
_d1868-1955
_9239252
700 1 _aSabaté, Francisco.
_9101165
700 1 _aGouthier, Henri.
_959373
700 1 _aMarcel, Gabriel,
_d1889-1973
_9156691
700 1 _aPahigues, Jean de.
_988309
700 1 _aDournes, Pierre.
_945511
700 0 _aGandillac, Maurice de,
_d1906-2006
_953842
700 1 _aBouyer, P. F.
_931096
700 1 _aBosc, Jean.
_930631
700 1 _aFlorousky, Georges.
_951353
700 1 _aMaritain, Jacques.
_976903
852 _aES-MaACL
_jC-17499
999 _c44981
_d44981